| 000 | 00917nam a22002177a 4500 | ||
|---|---|---|---|
| 003 | DO-SdBNP | ||
| 005 | 20240520141348.0 | ||
| 007 | ta | ||
| 008 | 240520e1988 dr abc|| |||| 00| 0 spa d | ||
| 040 |
_aDO-SdBNP _bspa _cBNPHU _erda |
||
| 082 | 4 |
_222 _bT77r |
|
| 245 | 0 | 0 | _aTraslado de los restos de los primeros mártires de Santiago en la restauración (17 de abril de 1863) y del general José Antonio Salcedo (5 de noviembre de 1864) al Panteon Nacional del 17 al 19 de abril de 1988, por disposición del Doctor Joaquín Balaguer Ricardo, Hon. Presidente de la República. |
| 264 | 1 |
_aSanto Domingo : _bTiempo, _c[190?] |
|
| 300 |
_a24 páginas : _bilustraciones, retratos ; _c20 cm. |
||
| 336 |
_2rdacontent _atexto _btxt |
||
| 337 |
_2rdamedia _asin mediación _bn |
||
| 338 |
_2rdacarrier _avolumen _bnc |
||
| 590 | _aInventariado 2024 / MF | ||
| 710 | 2 |
_aAcademia Dominicana de la Historia _9777 |
|
| 942 |
_2ddc _cLF2 |
||
| 999 |
_c56703 _d56703 |
||